00580nam a22001337a 4500008004100000020001800041040005500059080002400114245022100138260003900359300001400398650001200412700002200424230608b |||||||| |||| 00| 0 eng d a0-08-029384-0 aNational Science LibrarycNational Science Library a620.168(082.2) bM3 aMechanics of composite materials recent advances: c/ Proceedings of the IUTAM Symposium on Mechanics of Composite Materials, Virginia Polytechn. Inst. and State Univ., Blacksburg, Virginia, USA, August 16 - 19, 1982 aNew York: bPergamon Press, c1983 axi, 499p. aScience aHashin, Zvi (Ed.)